Popular words scrambled - Statistics

General Stats
  • This quiz has been taken 182 times
  • The average score is 8 of 10
Answer Stats
Hint Answer % Correct
elpoep people
99%
odrw word
99%
upolarp popular
96%
taubo about
87%
esuaceb because
84%
tnereffid different
78%
mcmnoo common
73%
melborp problem
72%
htaeneb beneath
64%
eetsh these
59%
No matching quizzes found
Score Distribution
Percent of People with Each Score
Percentile by Number Answered
Your Score History
You have not taken this quiz